Vienna Metro Stations on a Map - Statistics

General Stats
  • This quiz has been taken 1,313 times
  • The average score is 54 of 109
Answers on the Map
Answers color-coded by a green-red scale on the quiz's map according to % correct below.
 
Answer Stats
Linie % Correct
U1 | U3 Stephansplatz
85%
U1 | U2 | U4 Karlsplatz
83%
U2 Messe - Prater
79%
U1 | U4 Schwedenplatz
77%
U3 Ottakring
75%
U3 | U6 Westbahnhof
74%
U1 Oberlaa
73%
U1 Südtiroler Platz - Hauptbahnhof
73%
U1 | U2 Praterstern
72%
U2 Schottentor - Universität
72%
U3 Simmering
72%
U4 Hütteldorf
69%
U3 | U4 Landstraße
69%
U4 Schönbrunn
68%
U2 | U4 Schottenring
68%
U4 Heiligenstadt
67%
U6 Floridsdorf
66%
U2 | U3 Volkstheater
65%
U2 Seestadt
64%
U2 Rathaus
62%
U1 Donauinsel
61%
U4 Stadtpark
61%
U1 Leopoldau
60%
U3 Neubaugasse
60%
U4 | U6 Spittelau
59%
U1 Kaisermühlen - VIC
56%
U1 Alte Donau
55%
U3 Herrengasse
55%
U1 Reumannplatz
55%
U6 Siebenhirten
55%
U6 Michelbeuern - AKH
54%
U2 Stadion
54%
U3 Gasometer
52%
U1 Kagran
52%
U2 Museumsquartier
52%
U6 Alterlaa
51%
U3 Erdberg
51%
U4 | U6 Längenfeldgasse
50%
U3 Zieglergasse
50%
U6 Burggasse - Stadthalle
49%
U4 Kettenbrückengasse
49%
U1 Nestroyplatz
49%
U4 Pilgramgasse
49%
U6 Handelskai
48%
U4 Ober St. Veit
48%
U4 Unter St. Veit
48%
U6 Neue Donau
47%
U1 Taubstummengasse
47%
U6 Thaliastraße
47%
U6 Währinger Straße - Volksoper
47%
U4 Friedensbrücke
46%
U4 Hietzing
46%
U4 Roßauer Lände
46%
U3 Stubentor
46%
U2 Donaumarina
44%
U2 Taborstraße
44%
U3 Johnstraße
43%
U2 Krieau
43%
U6 Alser Straße
42%
U6 Gumpendorfer Straße
42%
U6 Josefstädter Straße
42%
U1 Kagraner Platz
42%
U1 Keplerplatz
41%
U6 Nußdorfer Straße
40%
U1 Vorgartenstraße
40%
U3 Kardinal-Nagl-Platz
39%
U4 Margaretengürtel
39%
U4 Meidling Hauptstraße
39%
U6 Dresdner Straße
38%
U1 Neulaa
38%
U6 Bahnhof Meidling
37%
U6 Jägerstraße
37%
U3 Schlachthausgasse
35%
U1 Alaudagasse
34%
U1 Altes Landgut
34%
U3 Rochusgasse
34%
U2 Aspern Nord
32%
U2 Aspernstraße
32%
U2 Donaustadtbrücke
31%
U3 Enkplatz
31%
U2 Stadlau
31%
U3 Hütteldorfer Straße
30%
U6 Am Schöpfwerk
29%
U4 Braunschweiggasse
29%
U2 Donauspital
27%
U6 Niederhofstraße
27%
U3 Kendlerstraße
26%
U1 Troststraße
26%
U3 Zippererstraße
26%
U3 Schweglerstraße
25%
U1 Großfeldsiedlung
24%
U6 Tscherttegasse
23%
U6 Erlaaer Straße
22%
U6 Perfektastraße
22%
U1 Aderklaaer Straße
21%
U2 Hausfeldstraße
21%
U1 Rennbahnweg
21%
U2 Hardeggasse
19%
No matching quizzes found
Score Distribution
Percent of People with Each Score
Percentile by Number Answered
Your Score History
You have not taken this quiz